Troux Enterprise Architecture Solutions (Record no. 327446)

MARC details
000 -LEADER
fixed length control field 00515nam a2200169Ia 4500
008 - FIXED-LENGTH DATA ELEMENTS--GENERAL INFORMATION
fixed length control field 230718s9999 xx 000 0 und d
020 ## - INTERNATIONAL STANDARD BOOK NUMBER
International Standard Book Number 9789350232774
041 ## - LANGUAGE CODE
Language code of text/sound track or separate title eng
082 ## - DEWEY DECIMAL CLASSIFICATION NUMBER
Classification number 004.22
Item number REE
100 ## - MAIN ENTRY--PERSONAL NAME
Personal name Reese R.J.
9 (RLIN) 176008
245 ## - TITLE STATEMENT
Title Troux Enterprise Architecture Solutions
Remainder of title Driving Business Value Through Strategic IT Alignment
260 ## - PUBLICATION, DISTRIBUTION, ETC. (IMPRINT)
Date of publication, distribution, etc. 2011
Name of publisher, distributor, etc. Packt Pub.
300 ## - PHYSICAL DESCRIPTION
Extent 232
365 ## - TRADE PRICE
Currency code Rs.
Price amount 325.00
700 ## - ADDED ENTRY--PERSONAL NAME
Personal name Reese R.J.
9 (RLIN) 176008
906 ## - LOCAL DATA ELEMENT F, LDF (RLIN)
d O:0161711-Mar-2011B:725021-Feb-2011
c COMP
b 81.25
Holdings
Withdrawn status Lost status Damaged status Not for loan Home library Current library Date acquired Vendor Budget Code Cost, normal purchase price Bill number Total Checkouts Full call number Barcode Date last seen Discount Cost, replacement price Bill Date Koha item type Original Barcode
        Cummins College of Engineering for Women Pune Cummins College of Engineering for Women Pune 11/03/2011 Tbs COMP 243.75 7250   004.22 CCEP-BK-38653 18/07/2023 81.25 325.00 21/02/2011 Books 038653